|
|
|
|
| LEADER |
00000cam a2200000 7i4500 |
| 001 |
0000012653 |
| 005 |
20071227.0 |
| 008 |
071227 |
| 020 |
|
|
|a 9832289076
|
| 090 |
0 |
0 |
|a 297.1224045
|b ABD
|
| 100 |
0 |
|
|a Abdul-Rauf, Muhammad
|
| 245 |
1 |
0 |
|a Tajwid al-Qur'an al-Karim
|c Muhammad Abdul Rauf
|
| 260 |
|
|
|a Kuala Lumpur :
|b iBook Publication ,
|c 2003
|
| 650 |
|
0 |
|a Islamic stories, english
|
| 650 |
|
0 |
|a Koran
|x Readings
|
| 650 |
|
0 |
|a Koran
|x Recitation
|
| 710 |
0 |
|
|a Title
|
| 999 |
|
|
|a 0001010037
|b Book
|c Adult Collection
|e Perbadanan Perpustakaan Awam Johor
|
| 999 |
|
|
|a 0001010038
|b Book
|c Adult Collection
|e Perbadanan Perpustakaan Awam Johor
|
| 999 |
|
|
|a 0001010039
|b Book
|c Adult Collection
|e Perbadanan Perpustakaan Awam Johor
|